Educarnos, nuevas propuestas para la educación y la convivencia / Monica Shocron y Laura Waisman (Registro nro. 7381)

Detalles MARC
000 -LEADER
fixed length control field 00536nam a22002051a 4500
001 - CONTROL NUMBER
control field 7381
003 - CONTROL NUMBER IDENTIFIER
control field OSt
005 - DATE AND TIME OF LATEST TRANSACTION
control field 20260204212128.0
008 - FIXED-LENGTH DATA ELEMENTS--GENERAL INFORMATION
fixed length control field 071117s2001||||ag ||||||b||||||||||spa||
020 ## - NUMERO DE LIBRO INTERNACIONAL NORMALIZADO
International Standard Book Number 9508921331
050 ## - LIBRARY OF CONGRESS CALL NUMBER
Classification number 370 S72e
100 ## - ASIENTO PRINCIPAL -- NOMBRE PERSONAL
Personal name Shocron, Monica
245 ## - TÍTULO PROPIAMENTE DICHO: SUBTÍTULO
Title Educarnos, nuevas propuestas para la educación y la convivencia / Monica Shocron y Laura Waisman
264 ## - PRODUCTION, PUBLICATION, DISTRIBUTION, MANUFACTURE, AND COPYRIGHT NOTICE
Place of production, publication, distribution, manufacture Argentina : Lugar
300 ## - PHYSICAL DESCRIPTION
Extensión 204 p
500 ## - GENERAL NOTE
General note Bibliografía
650 ## - ASIENTO SECUNDARIO DE MATERIA -- TERMINO TEMÁTICO
Termino Temático Como Elemento de Entrada Educación
700 ## - ASIENTO SECUNDARIO -- NOMBRE PERSONAL
Personal name Waisman, LauraÌ
942 ## - ADDED ENTRY ELEMENTS (KOHA)
Source of classification or shelving scheme Dewey Decimal Classification
Koha item type Libros
Existencias
Withdrawn status Lost status Source of classification or shelving scheme Damaged status Not for loan Current library Date acquired Total Checkouts Full call number Barcode Date last seen Price effective from Koha item type
    Dewey Decimal Classification     Biblioteca UTECO 09/09/2019   370 S72E 013625 09/09/2019 09/09/2019 Libros
© 2021 Derechos Reservados UTECO - Teléfono: +1 809-585-2291 - Correo electrónico: biblioteca@uteco.edu.do​  
Código postal 43000 ​​
Dirección: Avenida Universitaria No. 100, 
Cotuí, Provincia Sánchez Ramírez, República Dominicana - RNC: 404-00059-6